000 00524nam a2200217Ia 4500
003 OSt
005 20220924145851.0
006 a|||||r|||| 00| 0
007 ta
008 220923b |||||||| |||| 00| 0 per d
024 _a330579
037 _cTextual
040 _aARTS
_cARTS
_bper
041 _2per
_aper
082 _aTp1.N66, 164K6
245 0 _aRapur jiryanat seminar tarjuma
260 _c1966
650 _aEDUCATION
942 _hTp1.N66, 164K6
_cTEXL
_2CC
999 _c461381
_d461381